Normal view
MARC view
Entry Meeting Name
001 - CONTROL NUMBER
- control field: 15358
003 - CONTROL NUMBER IDENTIFIER
- control field: OSt
005 - DATE AND TIME OF LATEST TRANSACTION
- control field: 20211105133920.0
008 - FIXED-LENGTH DATA ELEMENTS
- fixed length control field: 211105|| aca||aabn | a|a d
040 ## - CATALOGING SOURCE
- Original cataloging agency: OSt
- Transcribing agency: OSt
111 ## - HEADING--MEETING NAME
- Meeting name or jurisdiction name as entry element: Workshop on Late Stages of Stellar Evolution
- Location of meeting: Galgary, Canada
- Date of meeting or treaty signing: 1986 June 2-5
670 ## - SOURCE DATA FOUND
- Source citation: Work cat.: (OSt): Workshop on Late Stages of Stellar Evolution Galgary, Canada 1986 June 2-5, Late stages of stellar evolution, 1987